Introduction to solid modeling using SolidWorks

Gespeichert in:
Bibliographische Detailangaben
1. Verfasser:  Howard, William E
Format: Sách
Sprache:Undetermined
Veröffentlicht:  McGraw-Hill  2008
Schlagworte:
Tags: Tag hinzufügen
Keine Tags, Fügen Sie den ersten Tag hinzu!
Thư viện lưu trữ: Trung tâm Thư viện - Trường Đại học Công nghiệp TP. Hồ Chí Minh
LEADER 00487nam a2200157Ia 4500
001 UIH_05319
008 231011s9999 xx 000 0 und d
082 |a  620.042 
100 |a  Howard, William E 
245 0 |a  Introduction to solid modeling using SolidWorks 
245 0 |c  Howard, William E 
260 |b  McGraw-Hill 
260 |c  2008 
650 |a  Kĩ nghệ;  
927 |a Sách 
980 |a Trung tâm Thư viện - Trường Đại học Công nghiệp TP. Hồ Chí Minh